Province più ad Ovest - Morte improvvisa - Statistics

Statistiche generali
  • Questo quiz è stato fatto 77 volte
  • Il punteggio medio è 5 su 15
Answers on the Grid
Answers color-coded by a green-red scale on the quiz's grid according to % correct below.
Torino
Aosta
Cuneo
Imperia
Vercelli
Verbano-Cusio-Ossola
Biella
Asti
Savona
Alessandria
Sassari
Sud Sardegna
Novara
Oristano
Pavia
Varese
Lodi
Sondrio
Mantova
Piacenza
Parma
La Spezia
Nuoro
Cagliari
Massa-Carrara
Livorno
Prato
Viterbo
Grosseto
Trapani
 
Statistiche sulle risposte
Risposta % Corretto
Aosta
56%
Cuneo
56%
Asti
44%
Imperia
44%
Torino
44%
Alessandria
38%
Sassari
38%
Savona
38%
Sud Sardegna
38%
Vercelli
34%
Biella
31%
Verbano-Cusio-Ossola
31%
Oristano
28%
Novara
25%
Pavia
3%
Nessun quiz corrispondente trovato
Distribuzione punteggi
Percentuale di utenti per punteggio
Percentile per numero di risposta
I tuoi punteggi nel tempo
Non hai fatto questo quiz